most open minded countries - Statistics

General Stats
  • This quiz has been taken 59 times
  • The average score is 12 of 15
Answer Stats
Continent Country % Correct
North America Canada
100%
Oceania Australia
97%
Oceania New Zealand
97%
recognized in Intersex only
countries
Germany/Spain/Austria/Kenya/ Brazil
93%
South America Colombia
90%
South America Argentina
86%
South America Chile
86%
South America Uruguay
86%
Europe Iceland
72%
Europe Netherlands
72%
Asia India
69%
Asia Pakistan
62%
Asia Nepal
59%
Asia Bangladesh
55%
Europe Malta
41%
No matching quizzes found
Score Distribution
Percent of People with Each Score
Percentile by Number Answered
Your Score History
You have not taken this quiz